000 00543nam a22002057a 4500
005 20260206162526.0
008 260206b |||||||| |||| 00| 0 eng d
020 _a9788119680382
_c1595.00
040 _aMAIN
041 _aEnglish
082 _a338.52
_bBHA
100 _aBhatt, Vipul
_926175
245 _aUttarakhand At 25 Reflecting a Journey of Development
260 _aDelhi
_bAcademic
_c2024
300 _a209
650 _aEconomics
_979
700 _aPundir, Vibha
_917292
700 _aPandey, Navanshu
_926227
942 _cBK
999 _c60274
_d60274